| 000 | 00000nas##2200000za#4500 |
| 001 | 9.503428 |
| 003 | CaOODSP |
| 005 | 20200325093205 |
| 007 | cr ||||||||||| |
| 008 | 150406c2000||||xxc|| p o||||f| |0fre|d |
| 022 | |a1497-1151 |
| 040 | |aCaOODSP|bfre |
| 043 | |an-cn--- |
| 086 | 1 |aH33-2F-PDF |
| 110 | 1 |aCanada.|bSanté Canada. |bDirection générale de la santé des Premières nations et des Inuits. |
| 245 | 10|aRapport annuel, transfert du contrôle aux communautés des Premières nations et des Inuits |h[ressource électronique] |
| 260 | |aOttawa - Ontario : |bSanté Canada. |
| 310 | |aAnnuel |
| 362 | 1 |a1999-2000-- |
| 775 | 08|tAnnual report, First Nations and Inuit Control |w(CaOODSP)9.507036 |